00482nam a2200181Ia 450000500170000000800410001702000180005804100120007608200170008810000240010524500510012925000120018026000280019230000220022065000140024265000230025665000210027920260429111946.0260429s9999||||xx |||||||||||||| ||und|| a9789354247835 aEnglish a004.678bCHA aChakraborty, Tanmoy 0aSocial network analysis / cTanmoy Chakraborty a1st ed. aIndia : bWiley,c2021. axxii, 376 p.; pbk a Internet a Social networking aComputer science